000 00944cam a2200301 4500
001 4082020
003 ARRUPE
005 20131204133651.0
008 720628s1971 enk 000 1 eng
010 _a 72181273
015 _aB71-26040--B71-26041
020 _a0140032819 (v. 1)
020 _a0140032827 (v. 2)
040 _aDLC
_cDLC
_dDLC
050 0 0 _aPZ3.K629
082 0 0 _a823/.8
100 1 _aKipling, Rudyard,
_d1865-1936.
_95116
240 1 0 _aShort stories.
_kSelections
245 0 0 _aShort stories;
_cselected by Andrew Rutherford.
260 _aHarmondsworth,
_bPenguin,
_c1971.
300 _a2 v.
_c19 cm.
350 _a£0.35 per vol.
490 0 _aPenguin modern classics
505 0 _av. 1. A Sahibs' war and other stories.--v. 2. Friendly brook and other stories.
651 0 _aIndia
_xSocial life and customs
_vFiction.
_95117
906 _a7
_bcbc
_corignew
_d3
_encip
_f19
_gy-gencatlg
942 _2lcc
_cMONOGRAPH
999 _c119071
_d119071